Southville International School and Colleges

The Five people you meet in heaven / (Record no. 363432)

000 -LEADER
fixed length control field 00448nam a2200193Ia 4500
003 - CONTROL NUMBER IDENTIFIER
control field 0
005 - DATE AND TIME OF LATEST TRANSACTION
control field 20251106111822.0
008 - FIXED-LENGTH DATA ELEMENTS--GENERAL INFORMATION
fixed length control field 200601s9999 xx 000 0 und d
020 ## - INTERNATIONAL STANDARD BOOK NUMBER
International Standard Book Number 978-1-4013-9803-3
050 ## - LIBRARY OF CONGRESS CALL NUMBER
Classification number FIC Al4fi
050 ## - LIBRARY OF CONGRESS CALL NUMBER
Item number 2003
100 ## - MAIN ENTRY--PERSONAL NAME
Personal name Albom, Mitch
245 #4 - TITLE STATEMENT
Title The Five people you meet in heaven /
260 ## - PUBLICATION, DISTRIBUTION, ETC. (IMPRINT)
Place of publication, distribution, etc New York :
260 ## - PUBLICATION, DISTRIBUTION, ETC. (IMPRINT)
Name of publisher, distributor, etc Hachette Books.
260 ## - PUBLICATION, DISTRIBUTION, ETC. (IMPRINT)
Date of publication, distribution, etc 2003
300 ## - PHYSICAL DESCRIPTION
Extent 196 pages :
942 ## - ADDED ENTRY ELEMENTS (KOHA)
Source of classification or shelving scheme
Koha item type Books

No copies available.

Powered by Koha